| 000 | 00768nam a2200229 a 4500 | ||
|---|---|---|---|
| 001 | 000019545 | ||
| 005 | 20200929170043.0 | ||
| 008 | 100630nuuuuuuuusp r 000 f spa d | ||
| 040 |
_aDO-SdBNP _bspa _cBNPHU |
||
| 082 |
_a843.9 _bL883c |
||
| 100 | 1 |
_aLoti, Pierre, _d1850-1923 _941955 |
|
| 245 | 1 | 0 |
_aCarmen Sylva / _cPierre Loti ; traducción Vicente Díez de Tejada. |
| 260 |
_aBarcelona : _bEditorial Cervantes, _c[s. f.]. |
||
| 300 |
_a204 p. ; _c19 cm. |
||
| 490 | 1 | _aColección Cervantes | |
| 504 | _aIncluye referencias bibliográficas y notas al pie de las páginas | ||
| 650 | 4 |
_aNovela francesa _91075 |
|
| 650 | 4 |
_aLiteratura francesa _91074 |
|
| 700 | 1 |
_aDíez de Tejada, Vicente, _etr. _941956 |
|
| 830 | 0 |
_aColección Cervantes _941957 |
|
| 049 | _aBNGR | ||
| 999 |
_c19061 _d19061 |
||